Public policy: (Record no. 181697)

MARC details
000 -LEADER
fixed length control field 00648nam a22001937a 4500
005 - DATE AND TIME OF LATEST TRANSACTION
control field 20221018100121.0
010 ## - LCCN (DPL NO)
LC control number B-745988
020 ## - INTERNATIONAL STANDARD BOOK NUMBER
International Standard Book Number 9789386062178
Terms of availability 475.00
035 ## - SYSTEM CONTROL NUMBER
System control number B-745988
037 ## - SOURCE OF ACQUISITION
Source of stock number/acquisition Sage
082 ## - DEWEY DECIMAL CLASSIFICATION NUMBER
Classification number 320.6
100 ## - MAIN ENTRY--PERSONAL NAME
Personal name Sapru, Radhakrishnan
245 ## - TITLE STATEMENT
Title Public policy:
Remainder of title a contemporary perspectives /
Statement of responsibility, etc by Radhakrishnan Sapru
260 ## - PUBLICATION, DISTRIBUTION, ETC. (IMPRINT)
Place of publication, distribution, etc New Delhi
Name of publisher, distributor, etc Sage Publications
Date of publication, distribution, etc 2017
270 ## - ADDRESS
Address B1/I-1, Mohan Cooperative Industrial Area, Mathura Road
City New Delhi
Postal code 110044
300 ## - PHYSICAL DESCRIPTION
Extent xviii,357p.
Dimensions 24cm(pbk)
942 ## - ADDED ENTRY ELEMENTS (KOHA)
Source of classification or shelving scheme Dewey Decimal Classification
Item type English Books
Call number suffix SAP
Classification part 320.6
Holdings
Withdrawn status Lost status Not for loan Collection code Home library Current library Date acquired Source of acquisition Cost, normal purchase price Full call number Barcode Copy number Cost, replacement price Koha item type Public note
      Non-fiction Kadipur Kadipur 18/10/2022 6.10.22/Gift 475.00 320.6 SAP B-745988 1 475.00 English Books Gift

© Delhi Public Library
Hit Counter
free hit counter